Монголчуудын хэмжээ илэрхийлэл (Бичлэгийн дугаар. 1132925)

MARC дэлгэрэнгүй
000 -Удирдлага
Ном зүйн бүртгэл тоо буюу кодлох утгыг агуулсан 01120nam a22002777a 4500
008 - ЕРӨНХИЙ МЭДЭЭЛЭЛ-ЭЛЕМЕНТҮҮДИЙН ӨГӨГДЛИЙН УРТ
fixed length control field 240821b mp ||||| |||| 00| 0 mon d
020 ## - ОЛОН УЛСЫН СТАНДАРТ НОМЫН ДУГААР-ISBN
Олон Улсын Стандарт Номын Дугаар 978-99978-0-761-8
035 ## - СИСТЕМИЙН ХЯНАЛТЫН ДУГААР
Системийн хяналтын дугаар 7653
040 ## - ЭХ СУРВАЛЖИЙГ ТОДОРХОЙЛОН БИЧИХ
Анхны каталогийн байгууллага DXO45059
Каталогийн хэл Монгол
Бичлэг хийж нэвтрүүлэх байгууллага MN-UlNLM
Өөрчлүүлэх байгууллага MN-UlNLM
Бичиглэлийн тодорхойлолт rda
041 ## - ХЭЛНИЙ КОД
Текстийн хэлний код/фонограм буюу салангид гарчиг Монгол
082 ## - ДЬЮИ АРАВТЫН АНГИЛЛЫН ДУГААР
Дьюигийн аравтын ангилал 10-t
Classification number 306
Item number П- 915
100 ## - ЗОХИОГЧИЙН ХЭСЭГ
Зохиогчийн нэр Пүрэвжанцан .А
245 #0 - ҮНДСЭН ГАРЧИГ
Гарчиг Монголчуудын хэмжээ илэрхийлэл
245 #0 - ҮНДСЭН ГАРЧИГ
Гарчигт хамааралтай мэдээ хэл шинжлэлийн салбар шинжлэх ухаан
245 #0 - ҮНДСЭН ГАРЧИГ
Оролцогчдын тухай мэдээ Ред. Ц. Сүхбаатар
250 ## - ХЭВЛЭЛТИЙН ТУХАЙ МЭДЭЭ
Дахин хэвлэлтийн мэдээ 1
264 ## - ГАРАЛТЫН МЭДЭЭ
Хэвлэгдсэн газар Улаанбаатар
Бүтээгч, хэвлэгч, түгээгч, үйлдвэрлэгчийн нэр Алмаз пресс ХХК
Хэвлэгдсэн он 2017
300 ## - ТООНЫ МЭДЭЭ
Хуудасны тоо 132х.
336 ## - АГУУЛГЫН ТӨРӨЛ
Нөөц rdacontent
Агуулгын төрлийн нөхцөл text
Агуулгын төрлийн код txt
337 ## - MEDIA TYPE
Эх сурвалж rdamedia
Файлын төрөл unmediated
Файлын код n
338 ## - CARRIER TYPE
Source rdacarrier
Carrier type term volume
Carrier type code nc
505 ## - FORMATTED CONTENTS NOTE
Title Монголчуудын хэмжээ илэрхийлэл; хэл шинжлэлийн судалгаа, танин мэдэхүйн бүтээл; элдвийн хэмжээсийг илэрхийлдэг хэллэг; агшин зуур; аагим халуун
650 ## - Сэдэв
Сэдэв 10990
942 ## - ЭЛЕМЕНТИЙН ТӨРӨЛ
Анги Аравтын ангилал
Төрөл Ном
Захиалгууд
Буцаан татагдсан төлөв Хасагдсан шалтгаан Гэмтсэн төлөв Данс заагч Захиалах боломжгүй Үндсэн номын сан Одоогийн байршил Салбар танхим Салбар танхим Бүртгэсэн огноо Тавиурын заалт Баркод Үнэ Хамгийн сүүлд байсан огноо Нийт уншлаганд гарсан тоо Дансны дугаар Төрөл
          Дархан Уул ХНО Дархан Уул ХНО Дархан ХНО | Монгол номын фонд Дархан ХНО | Монгол номын фонд 2024-08-22 306 П- 915 DXO4510010990 12000.00 2024-08-22   10010990 Ном